• 首页
  • 本馆介绍
  • 公告通知
  • 最新文献
  • 馆藏检索
  • 电子资源
  • 读者导购
  • 参考咨询
  • 我的图书馆
  • 登录
  • 详细信息显示
  • 放入我的书架
  • 预约/预借图书
  • 作者相关作品
  • 分类相关作品
  • 丛书相关作品
  • 出版社相关作品

书目信息

  • 表格格式
  • 工作单格式
  • 卡片格式
题名:
小学英语优质公开课课堂实录精选
    
 
作者: 郭琳榕 主编
分册: 上册   五年级
出版信息: 福州   福建教育出版社  2020.12
页数: 98页
开本: 24cm
丛书名:
单 册:
中图分类: G623.31
科图分类:
主题词: 英语课--课堂教学--教学研究--小学
电子资源:
ISBN: 978-7-5334-8002-8
000 01141nam 2200229 45
001 012001003149
005 20210923104129.99
010    @a978-7-5334-8002-8@dCNY35.00
100    @a20210623d2020 em y0chiy0110 ea
101 0  @achi@aeng
102    @aCN@b350000
105    @aa z 000yy
106    @ar
200 1  @a小学英语优质公开课课堂实录精选@Axiao xue ying yu you zhi gong kai ke ke tang shi lu jing xuan@i五年级@h上册@f郭琳榕主编
210    @a福州@c福建教育出版社@d2020.12
215    @a98页@c图@d24cm
330    @a本书精选配套闽教版小学《英语》教材五年级上册的优秀课例,从“教材与学情分析”“教学目标”“教学内容”“教学活动”“课前准备”“教学过程”“板书设计”等几个板块对每个课例进行了详细、精彩的分析,每个课例的课件和课堂录像均可扫二维码免费使用。这些课例对一线老师的日常教学、片段教学、公开课以及参加课堂教学比赛有很大的参考和借鉴意义。本书旨在帮助教师更新教学理念,深入理解教材,正确把握教学重难点,强化自身的教育教学能力,提升课堂教学的有效性。
606 0  @a英语课@x课堂教学@x教学研究@x小学
690    @aG623.31@v5
701  0 @a郭琳榕@Aguo lin rong@4主编
801    @aCN@bAHXH@c20210922
905    @b1283706-10@dG623.31@e2029:1@f5
    
    小学英语优质公开课课堂实录精选.五年级.上册/郭琳榕主编.-福州:福建教育出版社,2020.12
    98页:图;24cm
    
    
    ISBN 978-7-5334-8002-8:CNY35.00
    本书精选配套闽教版小学《英语》教材五年级上册的优秀课例,从“教材与学情分析”“教学目标”“教学内容”“教学活动”“课前准备”“教学过程”“板书设计”等几个板块对每个课例进行了详细、精彩的分析,每个课例的课件和课堂录像均可扫二维码免费使用。这些课例对一线老师的日常教学、片段教学、公开课以及参加课堂教学比赛有很大的参考和借鉴意义。本书旨在帮助教师更新教学理念,深入理解教材,正确把握教学重难点,强化自身的教育教学能力,提升课堂教学的有效性。
●
相关链接 在E读中查询图书 在五车中查询图书 在当当中查询图书 在豆瓣中查询图书


正题名:小学英语优质公开课课堂实录精选     索取号:G623.31/2029:1         预约/预借

序号 登录号 条形码 馆藏地/架位号 状态 备注
1 1283706   212837064   第一样本阅览室/ [索取号:G623.31/2029:1] 在馆    
2 1283707   212837073   教育系资料室/ [索取号:G623.31/2029:1] 在馆    
3 1283708   212837082   教育系资料室/ [索取号:G623.31/2029:1] 在馆    
4 1283709   212837091   第四借阅区/ [索取号:G623.31/2029:1] 在馆    
5 1283710   212837108   第四借阅区/ [索取号:G623.31/2029:1] 在馆    
唐山师范学院图书馆 欢迎您!
大连网信软件有限公司© 版权所有